• AIU
  • Tony Wilmot Memorial Library

A tribal survey of Mongalla province by members of the province staff and Church Missionary Society. (Record no. 33353)

MARC details
000 -LEADER
fixed length control field 00987nam a22002891a 4500
001 - CONTROL NUMBER
control field 2207564
005 - DATE AND TIME OF LATEST TRANSACTION
control field 20110718131438.0
008 - FIXED-LENGTH DATA ELEMENTS--GENERAL INFORMATION
fixed length control field 700323r19701937nyuab 001 0 eng
010 ## - LIBRARY OF CONGRESS CONTROL NUMBER
LC control number 74100271
020 ## - INTERNATIONAL STANDARD BOOK NUMBER
International Standard Book Number 0837128625
035 ## - SYSTEM CONTROL NUMBER
-- (DLC) 74100271
040 ## - CATALOGING SOURCE
Original cataloging agency DLC
Transcribing agency DLC
Modifying agency DLC
050 00 - LIBRARY OF CONGRESS CALL NUMBER
Classification number DT135.M6
Item number N3 1970
082 00 - DEWEY DECIMAL CLASSIFICATION NUMBER
Classification number DT 135.M6N3 1970
100 1# - MAIN ENTRY--PERSONAL NAME
Personal name Nalder, Leonard Fielding,
Dates associated with a name 1888-
Relator term ed.
245 12 - TITLE STATEMENT
Title A tribal survey of Mongalla province by members of the province staff and Church Missionary Society.
Statement of responsibility, etc Edited by L. F. Nalder.
Medium [Text]
260 ## - PUBLICATION, DISTRIBUTION, ETC. (IMPRINT)
Place of publication, distribution, etc New York
Name of publisher, distributor, etc Negro Universities Press
Date of publication, distribution, etc [1970]
300 ## - PHYSICAL DESCRIPTION
Extent viii, 232 p. illus., map. 23 cm.
500 ## - GENERAL NOTE
General note Reprint of the 1937 ed.
650 #0 - SUBJECT ADDED ENTRY--TOPICAL TERM
Topical term or geographic name as entry element Ethnology
Geographic subdivision Sudan.
650 #0 - SUBJECT ADDED ENTRY--TOPICAL TERM
Topical term or geographic name as entry element Folklore
Geographic subdivision Sudan.
651 #0 - SUBJECT ADDED ENTRY--GEOGRAPHIC NAME
Geographic name Mongalla (Province)
651 #0 - SUBJECT ADDED ENTRY--GEOGRAPHIC NAME
Geographic name Sudan
General subdivision Languages.
710 2# - ADDED ENTRY--CORPORATE NAME
Corporate name or jurisdiction name as entry element Church Missionary Society
906 ## - LOCAL DATA ELEMENT F, LDF (RLIN)
a 7
b cbc
c orignew
d u
e ncip
f 19
g y-gencatlg
991 ## -
-- c-GenColl
-- DT135.M6
-- N3 1970
-- Copy 1
-- BOOKS
Holdings
Withdrawn status Lost status Source of classification or shelving scheme Damaged status Not for loan Collection code Home library Current library Shelving location Date acquired Cost, normal purchase price Total Checkouts Full call number Barcode Date last seen Price effective from Koha item type Source of acquisition Copy number
    Library of Congress Classification     General Circulation AIU/NEGST - Tony Wilmot Memorial Library AIU/NEGST - Tony Wilmot Memorial Library General Stacks 02/03/2010 25.00   DT 135.M6N3 1970 R22151J3232 09/02/2019 02/03/2010 Africana collection (General)    
    Library of Congress Classification     Special Collection AIU/NEGST - Tony Wilmot Memorial Library AIU/NEGST - Tony Wilmot Memorial Library Special Collection 06/21/2016 25.00   S DT 135.M6N3 1970 R38772P3232 09/26/2019 07/30/2018 Africana collection (General) Donation- SIL Sudan 2